000 00368 a2200169 4500
001 44807
020 _a8506038952
040 _cAnchieta - Aquarius
100 _aLa Fontaine
240 1 0 _a#O galo e a raposa
_lpor
245 1 0 _a#O galo e a raposa
300 _a11
362 0 _a0
440 1 _aMelhoramentos
650 4 _aLiteratura infanto-juvenil
942 _cBK
999 _c44807
_d44807